Normal view
MARC view
- Naik,V.G
Entry Personal Name
001 - CONTROL NUMBER
- control field: 603
003 - CONTROL NUMBER IDENTIFIER
- control field: OSt
005 - DATE AND TIME OF LATEST TRANSACTION
- control field: 20160625142600.0
008 - FIXED-LENGTH DATA ELEMENTS
- fixed length control field: 160625|| aca||aabn | a|a d
040 ## - CATALOGING SOURCE
- Original cataloging agency: OSt
- Transcribing agency: OSt
100 ## - HEADING--PERSONAL NAME
- Personal name: Naik,V.G
670 ## - SOURCE DATA FOUND
- Source citation: Work cat.: (OSt): Talathi,J.M. 602, Introduction to Agricultural Economics and Agribusiness Management, 2011
